000 01216nam a22003257a 4500
001 19789932
005 20241218104253.0
008 241218b |||||||| |||| 00| 0 eng d
010 _a 2017033521
020 _a9780231183925 (cloth : alk. paper)
020 _z9780231545235 (e-book)
040 _aDLC
_beng
_cKMU
_erda
_dKMU
042 _apcc
050 0 0 _aBL65.P73
100 1 _aOnishi, Bradley B.,
_eauthor.
245 1 4 _aThe Sacrality of the Secular :
_bpostmodern philosophy of religion /
_cBradley B. Onishi.
264 1 _aNew York :
_bColumbia University Press,
_c[2018]
300 _axiv, 263 pages ;
_c24 cm
336 _atext
_btxt
_2rdacontent
337 _aunmediated
_bn
_2rdamedia
338 _avolume
_bnc
_2rdacarrier
504 _aIncludes bibliographical references (pages [237]-246) and index.
650 0 _aPostmodernism
_xReligious aspects.
650 0 _aPhilosophy and religion.
650 0 _aSecularism
_xHistory.
650 0 _aSecularization
_xHistory.
906 _a7
_bcbc
_corignew
_d1
_eecip
_f20
_gy-gencatlg
942 _2lcc
_cBK
_n0
999 _c1537
_d1537